A escola e os desafios contemporâneos (Record no. 64020)

MARC details
000 -LÍDER
campo de controle de tamanho fixo 00407 a2200157 4500
001 - NÚMERO DE CONTROLE
campo de controle 64020
020 ## - ISBN - INTERNATIONAL STANDARD BOOK NUMBER
ISBN - International Standard Book Number 9788520012086
040 ## - FONTE DA CATALOGAÇÃO
Instituição que transcreveu o registro Anchieta - Pituba
100 ## - ENTRADA PRINCIPAL--NOME PESSOAL
Nome pessoal Mosé, Viviane
240 10 - TÍTULO UNIFORME
Título uniforme A escola e os desafios contemporâneos
Idioma da obra por
245 10 - TÍTULO
Título A escola e os desafios contemporâneos
300 ## - DESCRIÇÃO FÍSICA
Extensão 336
362 0# - DATAS DE PUBLICAÇÃO E/OU DESIGNAÇÃO SEQUENCIAL
Datas de publicação e/ou designação sequencial 2013
650 #4 - ASSUNTO--TERMO TÓPICO
Cabeçalho tópico ou nome geográfico PCN / Parâmetros Curriculares Nacionais Brasil
942 ## - ELEMENTOS DE ENTRADA ADICIONADOS (KOHA)
Tipo de material Koha Livros
Holdings
Situação do descarte Situação das perdas Situação física Não pode ser emprestado Biblioteca de origem Biblioteca atual Data de aquisição Total de empréstimos Número de chamada completo Código de barras Data de último acesso Data do preço efetivo Tipo de material Koha
        Colégio Anchieta - Pituba Colégio Anchieta - Pituba 21/11/2023   372.981 E74e ESC 17627/PIT 21/11/2023 21/11/2023 Livros